| 000 -LEADER |
| fixed length control field |
00469 a2200157 4500 |
| 008 - FIXED-LENGTH DATA ELEMENTS--GENERAL INFORMATION |
| fixed length control field |
220922b ||||| |||| 00| 0 eng d |
| 020 ## - INTERNATIONAL STANDARD BOOK NUMBER |
| International Standard Book Number |
9788126552344 |
| 082 00 - DEWEY DECIMAL CLASSIFICATION NUMBER |
| Classification number |
337 |
| Item number |
S1828 |
| 100 ## - MAIN ENTRY--PERSONAL NAME |
| Personal name |
Dominick, Salvatore |
| 245 ## - TITLE STATEMENT |
| Title |
International economics: trade and finance / |
| 250 ## - EDITION STATEMENT |
| Edition statement |
11th ed. |
| 260 ## - PUBLICATION, DISTRIBUTION, ETC. (IMPRINT) |
| Place of publication, distribution, etc |
New Delhi: |
| Name of publisher, distributor, etc |
Wiley India Pvt. Ltd., |
| Date of publication, distribution, etc |
2017. |
| 300 ## - PHYSICAL DESCRIPTION |
| Extent |
xxxix, 757 p. |
| 650 #0 - SUBJECT ADDED ENTRY--TOPICAL TERM |
| Topical term or geographic name as entry element |
International Economics Relations |
| 942 ## - ADDED ENTRY ELEMENTS (KOHA) |
| Source of classification or shelving scheme |
|
| Item type |
Books |